000 00296nam a22001337a 4500
008 170914b xxu||||| |||| 00| 0 eng d
020 _a0517093677
041 _aeng
080 _a7
100 _a44
101 _aART
245 _aCOMPLETE COURSE IN OIL PAINTING
_cNORDMARK,O
942 _2udc
_cBK
999 _c27746
_d27746